000 00321nam a2200133Ia 4500
008 240624s9999 xx 000 0 und d
041 _aeng
082 _a170 BAG
100 _aBAGCHI SUBROTO
245 _aPROFESSIONAL
260 _c2009
_aNew Delhi
_bPenguin India
300 _axxi, : 217 : p. : cm. ; 20
365 _cRS
999 _c22787
_d22787